000 00328nam a22001457a 4500
008 210305b ||||| |||| 00| 0 eng d
020 _a9780312065461
041 _aeng
080 _23th
_a82
082 _282
100 _a21
101 _aGJL
245 _aThe Bedford Introduction to Literature
_cMeyer,M
942 _2udc
_cBK
999 _c55815
_d55815